[Event "Espalion Op"]
[Site "Espalion"]
[Date "2017.07.20"]
[Round "7.11"]
[White "Larcheveque, Francois"]
[Black "Joliez, Didier"]
[Result "1/2-1/2"]
[WhiteElo "2023"]
[BlackElo "1901"]
[PlyCount "86"]
[EventDate "2017.??.??"]

1. d4 Nf6 2. c4 g6 3. Nf3 Bg7 4. g3 d6 5. Bg2 O-O 6. O-O c6 7. Nc3 Qa5 8. h3
Be6 9. Qd3 Qa6 10. b3 d5 11. Ne5 Nbd7 12. cxd5 Qxd3 13. exd3 Nxd5 14. Nxd5 cxd5
15. Nxd7 Bxd7 16. Ba3 Bc6 17. Bxe7 Rfe8 18. Bc5 b6 19. Bb4 Bxd4 20. Rac1 Rac8
21. Rfe1 Rxe1+ 22. Rxe1 a5 23. Bd2 Bb5 24. Rc1 Rxc1+ 25. Bxc1 Bxd3 26. Bxd5 Kf8
27. Kg2 f5 28. f4 Kg7 29. Kf3 b5 30. Be3 Bc3 31. Bc5 Bb1 32. a4 bxa4 33. bxa4
Bc2 34. Bc6 Kf6 35. Ke3 Ke6 36. g4 h5 37. gxh5 gxh5 38. h4 Be1 39. Bb6 Bd1 40.
Be8 Kd6 41. Bb5 Ke6 42. Bc4+ Kd6 43. Bb5 Ke6 1/2-1/2

[Event "Espalion Op"]
[Site "Espalion"]
[Date "2017.07.20"]
[Round "7.12"]
[White "Dubois, Martine"]
[Black "Kozlowski, Thierry"]
[Result "0-1"]
[WhiteElo "1946"]
[BlackElo "1951"]
[PlyCount "102"]
[EventDate "2017.??.??"]

1. e4 c5 2. Nf3 Nc6 3. c3 g6 4. Bc4 Nf6 5. e5 d5 6. Bb5 Ng8 7. O-O Qb6 8. Na3
h5 9. d4 Bh6 10. dxc5 Qxc5 11. Nd4 Bd7 12. Nb3 Qb6 13. Qxd5 O-O-O 14. Nc4 Qc7
15. Bxc6 Bxc6 16. Qa5 b6 17. Qa6+ Bb7 18. Qxa7 Qxc4 19. Qxb6 Qd5 20. Qc5+ Bc6
21. Qxd5 Rxd5 22. Nd4 Bb7 23. f4 h4 24. a4 Ba6 25. Re1 e6 26. Nc6 Bb7 27. Nb4
Ra5 28. Be3 Bf8 29. Bb6 Bc5+ 30. Bxc5 Rxc5 31. a5 h3 32. g3 Ne7 33. a6 Ba8 34.
Red1 Nf5 35. Kf2 g5 36. Nd3 Rd5 37. fxg5 Rhd8 38. g4 Rxd3 39. Rxd3 Rxd3 40. Ke2
Re3+ 41. Kd2 Rxe5 42. gxf5 Rxf5 43. b4 Rxg5 44. c4 Rg2+ 45. Kc3 Rxh2 46. b5 Rg2
47. b6 Rg3+ 48. Kd4 Rb3 49. b7+ Rxb7 50. axb7+ Bxb7 51. Ra3 (51. Ra2 Bg2) 51...
h2 0-1

[Event "Espalion Op"]
[Site "Espalion"]
[Date "2017.07.20"]
[Round "7.13"]
[White "Cavailles, Evan"]
[Black "Crouzet, Emeric"]
[Result "1/2-1/2"]
[WhiteElo "1806"]
[BlackElo "1950"]
[PlyCount "57"]
[EventDate "2017.??.??"]

1. e4 c5 2. Nf3 e6 3. d4 cxd4 4. Nxd4 a6 5. Nc3 Qc7 6. Be2 Nf6 7. O-O Nc6 8.
Kh1 Nxd4 9. Qxd4 Bc5 10. Qd3 b5 11. f4 d6 12. Qg3 O-O 13. f5 Kh8 14. Qh4 b4 15.
Bg5 Bd4 16. Rf3 Ng8 17. Rh3 h6 18. Nd1 exf5 19. exf5 Bxf5 20. Rf3 Qc5 21. Ne3
Bh7 22. Rd1 hxg5 23. Qxd4 Qxd4 24. Rxd4 a5 25. Rxd6 f5 26. Bd3 Nh6 27. h3 f4
28. Bxh7 Kxh7 29. Nc4 1/2-1/2

[Event "Espalion Op"]
[Site "Espalion"]
[Date "2017.07.20"]
[Round "7.14"]
[White "Lagunes, Robin"]
[Black "Della Ragione, Enzo"]
[Result "1-0"]
[WhiteElo "1893"]
[BlackElo "1705"]
[PlyCount "67"]
[EventDate "2017.??.??"]

1. e4 d6 2. d4 Nf6 3. Nc3 g6 4. f3 Bg7 5. Be3 O-O 6. Qd2 e5 7. O-O-O exd4 8.
Bxd4 Nc6 9. Be3 Re8 10. g4 Ne5 11. Be2 Bxg4 12. fxg4 Nexg4 13. Bxg4 Nxg4 14.
Bf4 Bxc3 15. bxc3 Rxe4 16. h3 Ne5 17. Bxe5 Rxe5 18. c4 Qe7 19. Nf3 Re2 20. Qd4
Qe3+ 21. Qxe3 Rxe3 22. Rhf1 Rae8 23. Rde1 f5 24. Kd2 Rxe1 25. Rxe1 Rxe1 26.
Kxe1 h6 27. Nd4 c6 28. Ne6 Kf7 29. Nd8+ Kf6 30. Nxb7 Ke5 31. Nd8 Kd4 32. Nxc6+
Kxc4 33. Nxa7 Kb4 34. Nc8 1-0

[Event "Espalion Op"]
[Site "Espalion"]
[Date "2017.07.20"]
[Round "7.15"]
[White "Carno, Matthias"]
[Black "Pascot, Jean"]
[Result "1/2-1/2"]
[WhiteElo "1782"]
[BlackElo "1856"]
[PlyCount "79"]
[EventDate "2017.??.??"]

1. e4 e5 2. Nf3 Nc6 3. Bc4 Nf6 4. Ng5 Bc5 5. Bxf7+ Kf8 6. Bd5 Qe8 7. O-O d6 8.
h3 Qg6 9. Ne6+ Ke7 10. Nxc5 Bxh3 11. Qf3 Bg4 12. Qa3 Nd4 13. f3 h5 14. Nxb7
Ne2+ 15. Kf2 Nf4 16. fxg4 Nxg4+ 17. Ke1 Raf8 18. Kd1 Nh2 19. Rxf4 Rxf4 20. c4
Qxg2 21. Qxa7 Qf1+ 22. Kc2 Nf3 23. Na3 Nd4+ 24. Kc3 Qh3+ 25. Kb4 Qd7 26. d3 Rg4
27. Be3 c6 28. Bxd4 cxd5 29. Bxe5 dxe5 30. Qc5+ Kf6 31. cxd5 Qxb7+ 32. Nb5 Re8
33. Qc6+ Qxc6 34. dxc6 Rg2 35. b3 Rc2 36. Rf1+ Ke7 37. Rf5 Rxc6 38. Rxe5+ Kd7
39. Rxh5 g6 40. Rg5 1/2-1/2

[Event "Espalion Op"]
[Site "Espalion"]
[Date "2017.07.20"]
[Round "7.16"]
[White "Le Borgne, Romain"]
[Black "Menardo, Philippe"]
[Result "1-0"]
[WhiteElo "1853"]
[BlackElo "1631"]
[PlyCount "37"]
[EventDate "2017.??.??"]

1. e4 c6 2. d4 d5 3. Nc3 dxe4 4. Nxe4 Nf6 5. Nxf6+ gxf6 6. Bc4 h5 7. Bf4 Qa5+
8. c3 e5 9. Qe2 Bd6 10. O-O-O b5 11. dxe5 bxc4 12. exf6+ Be6 13. Rxd6 Qf5 14.
Qd2 Nd7 15. Nf3 Nxf6 16. Nd4 Ne4 17. Nxf5 Nxd2 18. Ng7+ Ke7 19. Kxd2 1-0

[Event "Espalion Op"]
[Site "Espalion"]
[Date "2017.07.20"]
[Round "7.17"]
[White "Uliczny, Kevin"]
[Black "Montsma, Foppe-Jan"]
[Result "1-0"]
[WhiteElo "1690"]
[BlackElo "1834"]
[PlyCount "53"]
[EventDate "2017.??.??"]

1. e4 e5 2. Nf3 d6 3. d4 exd4 4. Nxd4 g6 5. Bc4 Bg7 6. O-O Nc6 7. Be3 Nf6 8.
Nc3 O-O 9. f3 Re8 10. Qd2 a6 11. Rad1 Qe7 12. a3 Ne5 13. Ba2 b5 14. Bg5 Qf8 15.
Bxf6 Bxf6 16. Nd5 Bd8 17. f4 Nc4 18. Bxc4 bxc4 19. Nc6 Qg7 20. e5 Bg4 21. Nxd8
Bxd1 22. Nf6+ Kf8 23. Nxe8 Kxe8 24. exd6 Kxd8 25. dxc7+ Kxc7 26. Qa5+ Kc6 27.
Rxd1 1-0

[Event "Espalion Op"]
[Site "Espalion"]
[Date "2017.07.20"]
[Round "7.18"]
[White "Veschambre, Antoine"]
[Black "Rihouey, Franck"]
[Result "1-0"]
[WhiteElo "1682"]
[BlackElo "1827"]
[PlyCount "53"]
[EventDate "2017.??.??"]

1. e4 e6 2. Nf3 d5 3. Nc3 d4 4. Ne2 c5 5. c3 Nc6 6. cxd4 cxd4 7. Qa4 Bc5 8. b4
Bb6 9. Bb2 Bd7 10. b5 Nce7 11. Nexd4 Nf6 12. e5 Nfd5 13. Bc4 O-O 14. Qb3 Rc8
15. O-O Ba5 16. Rac1 Nb6 17. Bd3 Rxc1 18. Rxc1 Nbd5 19. Ba3 Qb8 20. Bxh7+ Kxh7
21. Ng5+ Kg6 22. Qg3 Kh5 23. Ndf3 Kg6 24. Nxe6+ Kf5 25. Nxg7+ Ke4 26. Ng5+ Kd4
27. Bc5# 1-0

[Event "Espalion Op"]
[Site "Espalion"]
[Date "2017.07.20"]
[Round "7.19"]
[White "Herrero, Alain"]
[Black "Labarrere, Daniel"]
[Result "0-1"]
[WhiteElo "1673"]
[BlackElo "1816"]
[PlyCount "48"]
[EventDate "2017.??.??"]

1. d4 d5 2. c4 e6 3. Nc3 Bb4 4. Qb3 Nc6 5. e3 Nf6 6. a3 Bxc3+ 7. Qxc3 O-O 8.
Nf3 Ne4 9. Qc2 a5 10. b3 f5 11. Bd3 Bd7 12. O-O Be8 13. Rb1 Rf6 14. cxd5 exd5
15. b4 axb4 16. axb4 Qe7 17. b5 Nb4 18. Qb3 Nxd3 19. Qxd3 Rb6 20. Ne5 Qg5 21.
f3 Ra2 22. Bb2 Bxb5 23. Rfc1 Bxd3 24. Rxc7 Qxe3+ 0-1

[Event "Espalion Op"]
[Site "Espalion"]
[Date "2017.07.20"]
[Round "7.20"]
[White "Colandrea, Sauveur"]
[Black "Desai, Nilomi"]
[Result "1-0"]
[WhiteElo "1752"]
[BlackElo "1502"]
[PlyCount "187"]
[EventDate "2017.??.??"]

1. d4 c6 2. c4 d5 3. Nf3 Nf6 4. Nc3 Bf5 5. Qb3 Qb6 6. c5 Qc7 7. Bf4 Qc8 8. h3
e6 9. e3 Nbd7 10. Qd1 Be7 11. b4 b6 12. Be2 O-O 13. O-O h6 14. Nd2 Bd8 15. f3
Bc7 16. Bxc7 Qxc7 17. Qe1 Rfd8 18. e4 dxe4 19. fxe4 Bg6 20. e5 Nd5 21. Nxd5
cxd5 22. Nf3 Rac8 23. Qd2 Qb7 24. Nh4 Be4 25. Rf2 Rf8 26. Raf1 Nb8 27. g4 Qe7
28. Nf3 Nc6 29. b5 Na5 30. c6 a6 31. a4 axb5 32. axb5 Rc7 33. Bd3 Bxd3 34. Qxd3
Nc4 35. Ra1 Ra7 36. Rfa2 Rfa8 37. Qb3 Rxa2 38. Rxa2 Na5 39. Qa3 Qxa3 40. Rxa3
Rc8 41. Nd2 Rc7 42. Nb3 Nc4 43. Ra8+ Kh7 44. Rb8 Kg6 45. Kf2 f6 46. exf6 Kxf6
47. Nc1 g6 48. Nd3 g5 49. Nb4 Rf7 50. Na6 Ke7+ 51. Ke2 Rf8 52. Rb7+ Kd8 53. Ra7
Re8 54. Rh7 Na3 55. Rb7 Nc4 56. Kd3 Rf8 57. Rd7+ Kc8 58. Ra7 Kd8 59. Nb4 Rf3+
60. Ke2 Rf8 61. Rh7 (61. c7+ Kd7 62. c8=Q+ Kxc8 63. Ra8+ $18) 61... Na3 62. c7+
Kc8 63. Nc6 Nxb5 64. Ne7+ Kb7 65. c8=Q+ Rxc8 66. Nxc8+ Kxc8 67. Kd3 Nc7 68.
Rxh6 Kd7 69. Rg6 b5 70. Rxg5 b4 71. Rg7+ Kd6 72. h4 Nb5 73. Rb7 Kc6 74. Rb8 b3
75. Rxb5 Kxb5 76. Kc3 b2 77. Kxb2 Kc4 78. h5 Kxd4 79. h6 Ke4 80. Kc2 d4 81. Kd2
Kf4 82. h7 e5 83. h8=Q Ke4 84. Qe8 Kf4 85. Kd3 Kxg4 86. Qxe5 Kf3 87. Qxd4 Kg3
88. Ke3 Kg2 89. Qf4 Kg1 90. Ke2 Kh1 91. Kf3 Kg1 92. Qd2 Kh1 93. Qa2 Kg1 94.
Qg2# 1-0

[Event "Espalion Op"]
[Site "Espalion"]
[Date "2017.07.20"]
[Round "7.21"]
[White "Deceuninck, Andre"]
[Black "Pass, Deborah J"]
[Result "0-1"]
[WhiteElo "1578"]
[BlackElo "1920"]
[PlyCount "56"]
[EventDate "2017.??.??"]

1. Nf3 Nf6 2. c4 g6 3. g3 Bg7 4. Bg2 O-O 5. d4 d6 6. O-O Nbd7 7. Nc3 Re8 8. Re1
e5 9. d5 e4 10. Nd4 a5 11. e3 Nc5 12. Bf1 Bg4 13. Qc2 Nfd7 14. Bd2 Ne5 15. Reb1
Qd7 16. Nd1 Ncd3 17. Bc3 c5 18. dxc6 bxc6 19. f3 c5 20. fxg4 cxd4 21. Bxd4 Nf3+
22. Kh1 Bxd4 23. exd4 Nxd4 24. Qc3 Nf3 25. Bxd3 exd3 26. Qxd3 Re1+ 27. Kg2 Qxg4
28. Nf2 (28. Ne3 Nh4+ 29. Kf2 Qf3+ 30. Kxe1 Re8 31. Kd2 Qf2+ 32. Qe2 Nf3+ 33.
Kd1) 28... Nh4# 0-1

[Event "Espalion Op"]
[Site "Espalion"]
[Date "2017.07.20"]
[Round "7.22"]
[White "Muratet Casadevall, Elias"]
[Black "Saya, Ethan"]
[Result "0-1"]
[WhiteElo "1805"]
[BlackElo "1775"]
[PlyCount "118"]
[EventDate "2017.??.??"]

1. d4 Nf6 2. h3 g6 3. Bf4 Bg7 4. e3 O-O 5. Nf3 d6 6. Be2 c5 7. c3 Be6 8. O-O
Qb6 9. b3 cxd4 10. cxd4 Rc8 11. Nbd2 Nd5 12. Nc4 Qc7 13. Bg3 Nc3 14. Qd3 Nxe2+
15. Qxe2 Bxc4 16. bxc4 Qxc4 17. Qb2 b6 18. Rac1 Qa6 19. Qb3 Nc6 20. Ng5 Nd8 21.
Kh2 Rxc1 22. Rxc1 Rc8 23. Rxc8 Qxc8 24. Qa4 Nc6 25. Qc4 Qe8 26. a3 Na5 27. Qc7
h6 28. Nf3 Bf8 29. Qxa7 Nc4 30. Qa6 Qc6 31. Ne1 Nd2 32. Qd3 Qc1 33. f3 Nc4 34.
Qc2 Qxc2 35. Nxc2 e6 36. e4 d5 37. exd5 exd5 38. a4 Nb2 39. Ne3 Bg7 40. Be5
Bxe5+ 41. dxe5 d4 42. Nf1 Nxa4 43. Kg3 Kf8 44. f4 Ke7 45. Kf3 Nc3 46. Nd2 Ke6
47. g4 Kd5 48. h4 b5 49. Nb3 Nb1 50. Kg3 d3 51. Kf3 d2 52. Ke2 Ke4 53. f5 Kxe5
54. fxg6 fxg6 55. h5 g5 56. Kd1 Kf4 57. Nd4 Kxg4 58. Nxb5 Kxh5 59. Nd4 Kg4 0-1

[Event "Espalion Op"]
[Site "Espalion"]
[Date "2017.07.20"]
[Round "7.23"]
[White "Verat-Fayolle, Celian"]
[Black "Huin, Eric"]
[Result "0-1"]
[WhiteElo "1678"]
[BlackElo "1801"]
[PlyCount "54"]
[EventDate "2017.??.??"]

1. e4 e5 2. Nf3 Nc6 3. Bc4 Nf6 4. Ng5 d5 5. exd5 Na5 6. d3 e4 7. Qe2 Nxc4 8.
dxc4 Bf5 9. f3 Qe7 10. fxe4 Nxe4 11. Nxe4 Qxe4 12. Qxe4+ Bxe4 13. O-O Bc5+ 14.
Kh1 Bxc2 15. Bf4 O-O-O 16. Bd2 Bd3 17. Rxf7 Rhf8 18. Rxf8 Rxf8 19. Nc3 h6 20.
b3 Rf2 21. Na4 Bd4 22. Bc3 Bxc3 23. Nxc3 Rc2 24. Nb5 Be4 25. Nxa7+ Kb8 26. Nb5
Rxg2 27. Nc3 Rxa2+ 0-1

[Event "Espalion Op"]
[Site "Espalion"]
[Date "2017.07.20"]
[Round "7.24"]
[White "Hadamard, Olivier"]
[Black "Marie, Olivier"]
[Result "1-0"]
[WhiteElo "1906"]
[BlackElo "1572"]
[PlyCount "109"]
[EventDate "2017.??.??"]

1. d4 g6 2. c4 Bg7 3. Nc3 c5 4. d5 f5 5. Nf3 Bxc3+ 6. bxc3 Qb6 7. Qc2 Nf6 8.
Bh6 Na6 9. e3 d6 10. Bd3 Qa5 11. O-O Ne4 12. Rfc1 Nf6 13. h3 Bd7 14. a4 Nc7 15.
Rcb1 b6 16. Nd2 Kf7 17. Qb2 Qa6 18. Qa3 Ncxd5 19. Be2 Nc7 20. a5 Qb7 21. Qb2
Bc6 22. Bf3 Bxf3 23. Nxf3 Rhc8 24. Bf4 Ne6 25. Bh2 Ne4 26. Ne1 Qc6 27. f3 Nf6
28. Qd2 Rg8 29. Nd3 bxa5 30. Rxa5 Rgd8 31. Rba1 Qb6 32. Qa2 Rd7 33. Rb1 Qc6 34.
Rab5 h5 35. h4 Kg7 36. Qf2 Qc8 37. Bf4 Nxf4 38. Nxf4 e5 39. Ne6+ Kh6 40. Qd2
Nh7 41. g4 fxg4 42. e4+ g5 43. hxg5+ Kg6 44. fxg4 h4 45. Qd5 Nxg5 46. Nxg5 Kxg5
47. Qe6 Rg7 48. Qxc8 Rxc8 49. Kh2 Kf4 50. Kh3 Kxe4 51. Rd1 Rg6 52. Rb2 Rc7 53.
Kxh4 Rh7+ 54. Kg3 Rhg7 55. Re2# 1-0

[Event "Espalion Op"]
[Site "Espalion"]
[Date "2017.07.20"]
[Round "7.25"]
[White "Mourgues, Joelle"]
[Black "Brun, Pierre"]
[Result "1-0"]
[WhiteElo "1624"]
[BlackElo "1353"]
[PlyCount "119"]
[EventDate "2017.??.??"]

1. d4 Nf6 2. c4 d6 3. Nf3 g6 4. Nc3 Bg7 5. e4 O-O 6. Be3 Nbd7 7. Be2 c5 8. d5
Ng4 9. Bd2 Nge5 10. O-O Nb6 11. Nxe5 Bxe5 12. f4 Bd4+ 13. Kh1 Bd7 14. Rc1 e5
15. b3 a6 16. Bf3 Rb8 17. Ne2 f5 18. Nxd4 exd4 19. e5 Be8 20. e6 Nc8 21. Qe1
Qe7 22. g4 b5 23. gxf5 Rxf5 24. Bg4 Rf8 25. f5 gxf5 26. Bh6 Bg6 27. Bxf8 Qxf8
28. Be2 Ne7 29. Qg3 Qd8 30. Bd3 Kh8 31. Rf2 b4 32. Rg1 Rb7 33. Qg5 Qf8 34. Qf4
Rb6 35. Rg3 a5 36. h4 Qf6 37. Qh6 Ng8 38. Qg5 Qxg5 39. Rxg5 Nf6 40. Bxf5 Bxf5
41. Rgxf5 Ng8 42. Rf8 Kg7 43. R2f7+ Kh6 44. Rxg8 d3 45. Rg1 Rb8 46. e7 Re8 47.
Rf6+ Kh5 48. Re6 h6 49. Rd1 Kxh4 50. Rxd3 h5 51. Rf3 Kg4 52. Rf8 Rxe7 53. Rxe7
h4 54. Kh2 Kg5 55. Rg7+ Kh6 56. Rg1 Kh7 57. Kh3 a4 58. Kxh4 axb3 59. axb3 Kh6
60. Rh8# 1-0

[Event "Espalion Op"]
[Site "Espalion"]
[Date "2017.07.20"]
[Round "7.26"]
[White "Boulier, Rene"]
[Black "Dewilde, Rudi"]
[Result "1-0"]
[WhiteElo "1608"]
[BlackElo "1257"]
[PlyCount "63"]
[EventDate "2017.??.??"]

1. d4 Nf6 2. c4 d5 3. Nc3 Bf5 4. Qb3 dxc4 5. Qxb7 Nbd7 6. Nb5 Rc8 7. Nxa7 Be4
8. Nc6 Bxc6 9. Qxc6 e6 10. Qxc4 Bd6 11. Bg5 O-O 12. e4 e5 13. Bd3 Nb6 14. Qc3
Qe7 15. a3 c5 16. d5 c4 17. Bc2 Bc5 18. Nf3 h6 19. Bxf6 Qxf6 20. Qxe5 Nd7 21.
Qxf6 Nxf6 22. O-O Rb8 23. Rab1 g5 24. h3 Rfe8 25. Nd2 g4 26. Kh2 Bd6+ 27. g3
Rbc8 28. hxg4 Nxg4+ 29. Kg2 Nf6 30. f4 Nh5 31. e5 Bb8 32. Rh1 1-0

[Event "Espalion Op"]
[Site "Espalion"]
[Date "2017.07.20"]
[Round "7.27"]
[White "Veschambre, Martin"]
[Black "Martinez, Felicien"]
[Result "0-1"]
[WhiteElo "1539"]
[BlackElo "1199"]
[PlyCount "68"]
[EventDate "2017.??.??"]

1. d4 Nf6 2. Bf4 g6 3. Nc3 Bg7 4. e4 d6 5. Qd2 O-O 6. h3 Nc6 7. Nf3 Nd7 8. Bh6
e5 9. Bxg7 Kxg7 10. d5 Ne7 11. g4 Nc5 12. Be2 a6 13. a4 b6 14. Qe3 Bd7 15. Nd2
c6 16. h4 b5 17. b4 Nxa4 18. Nxa4 bxa4 19. c4 cxd5 20. exd5 f5 21. f3 fxg4 22.
fxg4 Rf4 23. Rg1 Rb8 24. Rb1 Nxd5 25. cxd5 Qxh4+ 26. Qg3 Qd8 27. Rf1 Rd4 28.
Qg2 Rdxb4 29. Rxb4 Rxb4 30. Ne4 Qb6 31. Qf3 Rb1+ 32. Bd1 Bf5 33. gxf5 gxf5 34.
Qxf5 $4 (34. Nd2 $18) 34... Qe3# 0-1

[Event "Espalion Op"]
[Site "Espalion"]
[Date "2017.07.20"]
[Round "7.28"]
[White "Callebaut, Katia"]
[Black "Breton, Vadim"]
[Result "0-1"]
[WhiteElo "1296"]
[BlackElo "1412"]
[PlyCount "86"]
[EventDate "2017.??.??"]

1. e4 e5 2. Nf3 Nc6 3. d4 exd4 4. Nxd4 Nf6 5. Nc3 Bb4 6. Qd3 d6 7. Nxc6 bxc6 8.
Qg3 O-O 9. Bg5 Re8 10. Bd3 Nxe4 11. Bxe4 Rxe4+ 12. Be3 Qf6 13. O-O Rg4 14. Ne4
Rxe4 15. Qg5 Qxg5 16. Bxg5 Re2 17. Rac1 Ba6 18. Rfd1 Rae8 19. Be3 h6 20. a3 Ba5
21. b4 Bb6 22. Re1 Bxe3 23. fxe3 R2xe3 24. Rxe3 Rxe3 25. c3 f5 26. h4 Kf7 27.
Rc2 Kg6 28. Kf2 f4 29. g4 Rh3 30. c4 Rh2+ 31. Kf3 Rxc2 32. Kxf4 Rxc4+ 33. Kg3
Bc8 34. h5+ Kg5 35. b5 Bxg4 36. bxc6 Rc3+ 37. Kf2 Kf4 38. Ke1 Ke3 39. Kf1 Rc2
40. a4 a5 41. Kg1 Kf3 42. Kh1 Kg3 43. Kg1 Rc1# 0-1

[Event "Espalion Op"]
[Site "Espalion"]
[Date "2017.07.20"]
[Round "7.29"]
[White "Lemaire, Frederic"]
[Black "Brun, Emilie"]
[Result "0-1"]
[WhiteElo "1486"]
[BlackElo "1130"]
[PlyCount "86"]
[EventDate "2017.??.??"]

1. e4 e5 2. Nf3 Nc6 3. d4 d6 4. d5 Nce7 5. h3 Nf6 6. Nc3 g6 7. Bg5 Bg7 8. Qd2
O-O 9. Be2 c6 10. O-O cxd5 11. exd5 e4 12. Nh2 Re8 13. Rab1 Nf5 14. Ng4 h5 15.
Nxf6+ Bxf6 16. Bxf6 Qxf6 17. Nb5 Re7 18. c3 a6 19. Nd4 Nxd4 20. cxd4 Bf5 21.
Rbc1 Rae8 22. Rc3 b5 23. a3 e3 24. fxe3 Qg5 25. Rf3 Be4 26. h4 Qxh4 27. Rh3 Qg5
28. Bf3 Bxf3 29. Rxf3 h4 30. Qf2 Re4 31. Rf4 h3 32. g3 Rxf4 33. Qxf4 Qh5 34.
Qxd6 Qd1+ 35. Kh2 Qf1 36. Rc2 Rxe3 37. Qf4 Rf3 38. Rc8+ Kg7 39. Qe5+ f6 40.
Rc7+ Kh6 41. Rh7+ Kxh7 42. Qe7+ Kh6 43. Qf8+ Kg5 0-1

[Event "Espalion Op"]
[Site "Espalion"]
[Date "2017.07.20"]
[Round "7.30"]
[White "Pla, Jean"]
[Black "Duvette, Michel"]
[Result "0-1"]
[WhiteElo "1356"]
[BlackElo "1412"]
[PlyCount "82"]
[EventDate "2017.??.??"]

1. c4 b6 2. Nc3 Nf6 3. Nf3 c5 4. g3 Bb7 5. Bg2 e6 6. O-O Be7 7. d3 O-O 8. Bf4
d6 9. a3 Nc6 10. Rb1 Nh5 11. Be3 Qd7 12. b4 d5 13. b5 d4 14. bxc6 Qxc6 15. Qa4
Qxa4 16. Nxa4 dxe3 17. fxe3 Bc6 18. Nc3 g5 19. e4 f6 20. a4 Ng7 21. Nb5 g4 22.
Nd2 Ne8 23. Rf2 Ng7 24. Rbf1 a6 25. Nc3 f5 26. exf5 Bxg2 27. Kxg2 Nxf5 28. Nd1
Bg5 29. Ne4 Be3 30. Ng5 Bxg5 31. e4 Ne3+ 32. Nxe3 Bxe3 33. Rf6 Rxf6 34. Rxf6
Rf8 35. Rxf8+ Kxf8 36. h3 h5 37. hxg4 hxg4 38. Kf1 Ke7 39. Ke2 Bd4 40. Kf1 Kd6
41. Ke2 Ke5 0-1

[Event "Espalion Op"]
[Site "Espalion"]
[Date "2017.07.20"]
[Round "7.31"]
[White "Muller-Moingt, Bastien"]
[Black "Saya, Yann"]
[Result "1-0"]
[WhiteElo "1114"]
[BlackElo "1199"]
[PlyCount "58"]
[EventDate "2017.??.??"]

1. e4 e5 2. Nf3 Nc6 3. Bc4 Nf6 4. d3 Bc5 5. c3 d6 6. h3 Qe7 7. Nbd2 Be6 8. Nf1
Bxc4 9. dxc4 O-O 10. Ng3 Rad8 11. O-O Rfe8 12. Bg5 b6 13. b4 Bxb4 14. cxb4 Nxb4
15. Nf5 Qe6 16. Qb3 c5 17. Bxf6 Qxf6 18. Ng3 a6 19. a3 Nc6 20. Qxb6 Nb8 21. Qb1
Qe6 22. Qc1 h6 23. Rb1 Nc6 24. Qc3 a5 25. Qd3 Qc8 26. Nf5 Rd7 27. Nxd6 Qa8 28.
Nxe8 Qxe8 29. Qc2 Ne7 1-0

[Event "Espalion Op"]
[Site "Espalion"]
[Date "2017.07.20"]
[Round "7.32"]
[White "Regis, Pierre"]
[Black "Regis, Gabriel"]
[Result "1-0"]
[WhiteElo "1009"]
[BlackElo "1009"]
[PlyCount "121"]
[EventDate "2017.??.??"]

1. e4 e5 2. Be2 Qf6 3. Nh3 Qg6 4. O-O Qxe4 5. b3 Qh4 6. Ng5 h6 7. Nxf7 Kxf7 8.
d3 Kf6 9. Qd2 g6 10. Na3 Bxa3 11. Bxa3 a6 12. Qe3 g5 13. Rad1 Rh7 14. c3 Re7
15. b4 Ra7 16. Rb1 b6 17. Rbe1 Re6 18. c4 Rc6 19. Rc1 Bb7 20. Rc2 Re6 21. Rc3
h5 22. d4 exd4 23. Rd3 Rxe3 24. fxe3+ Kg6 25. e4 Bxe4 26. Rxd4 Bb1 27. Rd2 Bxa2
28. Rxa2 Nh6 29. Rf2 g4 30. Bd3+ Kg7 31. Ra1 d6 32. Rff1 c6 33. Rf2 Rf7 34. Re2
Rf1+ 35. Kxf1 Qxh2 36. Re3 Qxg2+ 37. Kxg2 h4 38. Kf2 h3 39. Kg1 g3 40. Kh1 g2+
41. Kg1 h2+ 42. Kxg2 h1=Q+ 43. Kxh1 Kg8 44. Be4 Kg7 45. Bb2+ Kg8 46. Bc3 Ng4
47. Rg1 c5 48. Ba8 Nc6 49. Re8+ Kh7 50. Bxc6 cxb4 51. Bxb4 Kh6 52. Rxg4 Kh5 53.
Rg7 b5 54. Bxd6 bxc4 55. Ba3 c3 56. Bc1 a5 57. Ba3 c2 58. Bc1 a4 59. Bb2 c1=Q+
60. Bxc1 a3 61. Bxa3 1-0

[Event "Espalion Op"]
[Site "?"]
[Date "2017.07.21"]
[Round "8.1"]
[White "Genzling, Alain"]
[Black "Flear, Glenn C"]
[Result "1/2-1/2"]
[WhiteElo "2381"]
[BlackElo "2455"]
[PlyCount "108"]
[EventDate "2017.??.??"]

1. e4 e5 2. Bc4 Nf6 3. d3 Nc6 4. Nc3 Na5 5. Bb3 Nxb3 6. axb3 Be7 7. Nf3 d6 8.
h3 O-O 9. O-O c6 10. d4 Qc7 11. Be3 a6 12. Qe2 Re8 13. Rad1 b5 14. dxe5 dxe5
15. Nh2 Be6 16. Qf3 a5 17. Ra1 b4 18. Nb1 c5 19. Nd2 c4 20. bxc4 Bxc4 21. Rfc1
a4 22. Nxc4 Qxc4 23. Rxa4 Rxa4 24. b3 Qa6 25. bxa4 Qxa4 26. Ng4 Nxg4 27. Qxg4
g6 28. Qe2 Rc8 29. Kh2 h5 30. Qd1 Rc4 31. Ra1 Qc6 32. Ra7 Bf6 33. Qa1 Bg7 34.
Ra8+ Kh7 35. Qa7 Qc7 36. Qxc7 Rxc7 37. Rb8 Rxc2 38. Rxb4 Bh6 39. Bxh6 Kxh6 40.
Kg1 h4 41. Rb7 f6 42. Rb3 Re2 43. Rb4 Kg5 44. Kf1 Ra2 45. Rb3 Ra1+ 46. Ke2 Rg1
47. Kf3 f5 48. exf5 gxf5 49. Rb8 e4+ 50. Ke2 f4 51. Rg8+ Kf5 52. Rf8+ Ke5 53.
Re8+ Kd5 54. Rd8+ Ke5 1/2-1/2

[Event "Espalion Op"]
[Site "Espalion"]
[Date "2017.07.21"]
[Round "8.2"]
[White "Cornette, Matthieu"]
[Black "Sulava, Nenad"]
[Result "1-0"]
[WhiteElo "2606"]
[BlackElo "2480"]
[PlyCount "85"]
[EventDate "2017.??.??"]

1. e4 e5 2. Nf3 Nc6 3. Bb5 a6 4. Ba4 Nf6 5. O-O b5 6. Bb3 Bb7 7. Nc3 Be7 8. d3
O-O 9. a3 Nd4 10. Ba2 Nxf3+ 11. Qxf3 Kh8 12. Qe2 d5 13. exd5 Nxd5 14. Bxd5 Bxd5
15. Qxe5 Bb7 16. Bf4 Rc8 17. Qh5 c5 18. Rfe1 Rc6 19. Re3 Rg6 20. Ne4 c4 21.
Rae1 cxd3 22. Rxd3 Qc8 23. Ng3 Bf6 24. c3 Qc4 25. Qf5 h6 26. Rde3 Qc6 27. Qe4
Qc8 28. Qe8 Kh7 29. Qxc8 Rxc8 30. Be5 Bg5 31. f4 Bh4 32. Bd4 Rg4 33. Rf1 Bd5
34. Rf2 Rc6 35. Re5 Rd6 36. Rd2 Bc6 37. Nf5 Rdg6 38. Nxh4 Rxh4 39. Be3 Rhg4 40.
g3 Rf6 41. Kf2 Rgg6 42. f5 Rg4 43. Bf4 1-0

[Event "Espalion Op"]
[Site "Espalion"]
[Date "2017.07.21"]
[Round "8.3"]
[White "Libiszewski, Fabien"]
[Black "Muratet Casadevall, Albert"]
[Result "1-0"]
[WhiteElo "2542"]
[BlackElo "2201"]
[PlyCount "103"]
[EventDate "2017.??.??"]

1. e4 Nf6 2. e5 Nd5 3. d4 d6 4. c4 Nb6 5. exd6 cxd6 6. Nc3 g6 7. h3 Bg7 8. Nf3
O-O 9. Be2 Nc6 10. O-O e5 11. Bg5 f6 12. Be3 Nd7 13. dxe5 dxe5 14. Qb3 Kh8 15.
Rad1 Qa5 16. Rd5 Qb4 17. Qxb4 Nxb4 18. Rd6 Nc2 19. Bc1 f5 20. Rfd1 e4 21. Ng5
Nc5 22. Rd8 Be6 23. Rxa8 Rxa8 24. Na4 Nd4 25. Rxd4 Bxd4 26. Nxc5 Bg8 27. Nge6
Bf6 28. Nd7 Be7 29. Nf4 Rd8 30. b3 Bf7 31. Ne5 Kg8 32. Nxf7 Kxf7 33. Nd5 Bd6
34. Kf1 Be5 35. f3 exf3 36. Bxf3 Rd7 37. Ke2 Ke6 38. Be3 b6 39. Nb4 Bc3 40. Nd5
Be5 41. a4 Bg7 42. Nb4 Be5 43. Nc6 Bg3 44. a5 bxa5 45. Bxa7 Bf4 46. Bd5+ Kf6
47. Bd4+ Kg5 48. Nxa5 Re7+ 49. Kf3 Bd2 50. Nc6 Re1 51. b4 f4 52. b5 1-0

[Event "Espalion Op"]
[Site "Espalion"]
[Date "2017.07.21"]
[Round "8.4"]
[White "Cappon, John"]
[Black "Menard, Baptiste"]
[Result "0-1"]
[WhiteElo "2197"]
[BlackElo "2167"]
[PlyCount "86"]
[EventDate "2017.??.??"]

1. e4 g6 2. d4 Bg7 3. Nc3 d6 4. Bg5 a6 5. Qd2 Nd7 6. f4 b5 7. Nf3 Bb7 8. a3 c5
9. d5 Qa5 10. Nd1 Qxd2+ 11. Nxd2 Ngf6 12. a4 bxa4 13. Rxa4 O-O 14. Be2 a5 15.
O-O Rfb8 16. Re1 Kf8 17. Bf3 Nb6 18. Ra2 Nfd7 19. g4 c4 20. Kg2 a4 21. Re3 Bd4
22. Re2 Ba6 23. Bh6+ Kg8 24. c3 Bf6 25. Ra3 Bb7 26. h4 Nc5 27. h5 Nd3 28. Kg3
Ra5 29. Nf1 Rb5 30. Nfe3 Rb3 31. Rd2 Ba6 32. Be2 Nxb2 33. Rxb3 cxb3 34. Bxa6
Nxd1 35. Rxd1 a3 36. e5 dxe5 37. Nc4 Nxc4 38. Bxc4 a2 39. hxg6 hxg6 40. Bg5
exf4+ 41. Bxf4 Ra8 42. Bxb3 a1=Q 43. Rxa1 Rxa1 0-1

[Event "Espalion Op"]
[Site "Espalion"]
[Date "2017.07.21"]
[Round "8.5"]
[White "Flear, Christine"]
[Black "Estadieu, Romeo"]
[Result "1/2-1/2"]
[WhiteElo "2078"]
[BlackElo "2049"]
[PlyCount "43"]
[EventDate "2017.??.??"]

1. d4 e6 2. c4 f5 3. Nc3 Nf6 4. e3 d5 5. Qc2 c6 6. Bd3 Ne4 7. f3 Nd6 8. b3 Be7
9. Nge2 O-O 10. O-O Na6 11. a3 Nc7 12. Bd2 b5 13. cxd5 cxd5 14. e4 dxe4 15.
fxe4 Bb7 16. exf5 Nxf5 17. Bxf5 exf5 18. Rxf5 Rxf5 19. Qxf5 Bf6 20. Be3 Nd5 21.
Nxd5 Qxd5 22. Qxd5+ 1/2-1/2